000 00835nam a22002777a 4500
001 BR2900023
003 BR-BrBNA
005 20230928082839.0
007 ta
008 230509b bl.||||| |||| 00| 0 por d
040 _aBR-BrBNA
_bpor
_cBiblioteca Nacional de Agricultura
041 _a(Por)
072 _aF00; E70
_b2120
090 _ 2120 BR2900023
110 1 _aSecretaria da Agricultura, Industria e Commercio do Estado de Sao Paulo, Sao Paulo (Brasil). Directoria de Industria e Commercio
_98433
245 1 _aO cafe, estatistica de producao e commercio
260 3 _aSao Paulo, SP (Brasil):
_c1929.
300 _a209 p.
500 _aNumerical data
650 _aCAFE
650 _aESTATISTICA DE PRODUCAO
650 _aSAO PAULO
650 _aMINAS GERAIS
909 _a202309
_bLucia
_c55
_dLucia Elande
942 _cBK
999 _c10242
_d10242